Formalismo medievale e moderno

Salvato in:
Dettagli Bibliografici
Autore principale: Ajello, Raffaele (Autore)
Natura: Libro
Lingua:italiano
Pubblicazione: Nápoles Jovene Editore 1990
Soggetti:
Tags: Aggiungi Tag
Nessun Tag, puoi essere il primo ad aggiungerne!!

MARC

LEADER 00000cam a2200000 a 4500
001 UCG9363
003 CL-VaPUC
008 120309e19900000IT |||||||||||||||||ita|d
082 0 4 |a 349.45  |b AJE  |2 21 
100 0 |a Ajello, Raffaele  |e author  |9 560888 
245 1 0 |a Formalismo medievale e moderno 
300 |a 196 p 
942 |c BK 
945 |d 20120309 00:00:00  |a dcastane 
260 |a Nápoles  |b Jovene Editore  |c 1990 
650 7 |a JURISPRUDENCIA-HISTORIA  |2 CL-VaPUC  |9 560889 
650 7 |a RACIONALISMO-HISTORIA  |2 CL-VaPUC  |9 560890 
650 0 |a Ciencias Políticas  |9 255201 
650 0 |a Historia del derecho  |9 255109 
650 7 |a DERECHO ANTIGUO  |2 CL-VaPUC  |9 560891 
650 0 |a Edad media  |9 258041 
583 |a last modification  |c 20120309 14:21:00  |k Rodrigo Vera 
999 |c 346920  |d 346918 
952 |0 0  |1 0  |4 0  |6 349_450000000000000_AJE_1990  |7 0  |8 DER_ROM  |9 447876  |a BIBDER  |b BIBDER  |d 2019-11-22  |i 4844327  |l 1  |o 349.45 AJE 1990  |p 4844327  |r 2023-01-25  |s 2020-03-16  |w 2019-11-22  |x Ubicación 4to piso  |y BK  |z Este recurso debe solicitarse con anticipación  |k DER